Statistics for Even More Google Suggestions

Click here to take the quiz!

General Stats

  • This quiz has been taken 1,143 times
  • The average score is 6 of 20

Answer Stats

HintAnswer% Correct
What happens if you google ______Google
78%
Do people hate __me
76%
Are Americans allowed to travel to ____Cuba
61%
Is Charlie Sheen ____dead
58%
Is Israel in ____Asia
55%
Do Koreans eat ____dogs
54%
Is Michael Bay the _____ ________ everworst director
42%
What does it smell like when someone is smoking _____crack
30%
Why are Canadians so ______polite
27%
Is Fox News ______biased
21%
Can pigs ____swim
12%
Is it wrong to _____*cheat
12%
Why are women so _________emotional
11%
Why are Brazilians so ____ _______good looking
10%
I hate it when Voldemort uses my _______shampoo
8%
Is it okay to eat ___ ____raw eggs
6%
Is my family ______cursed
4%
Why are men so ____lazy
4%
What goes best with _____vodka
2%
Is Justin Beiber __________Illuminati
0%

Score Distribution

Percentile by Number Answered

Percent of People with Each Score

Your Score History

You have not taken this quiz